| 000 | 00689nam a22001937a 4500 | ||
|---|---|---|---|
| 999 |
_c9824 _d9824 |
||
| 003 | AR-CdUCM | ||
| 008 | 190328b ||||| |||| 00| 0 spa d | ||
| 040 |
_aMUNICIPALIDAD PROVINCIAL DEL CUSCO _cBIBLIOTECA MUNICIPAL DEL CUSCO |
||
| 082 |
_23ed. _a332.4 / _bM72 / 1949 |
||
| 100 |
_aMoll, Bruno _925628 |
||
| 245 | _aLa moneda / | ||
| 260 |
_aLima : _bEdit.Culrura Antartica, _c1949. |
||
| 300 |
_a407 paginas ; _c23 cm. |
||
| 505 | _aContenido :Elementos de la teoría monetaria --Fundamentos de la economia monetaria --Sistemas monetarios elementales --Regímenes de la moneda de papel ... | ||
| 650 |
_aMoneda _95487 |
||
| 650 |
_aTeoria _95077 |
||
| 942 |
_2ddc _cLIBROS |
||
| 945 | _arjall | ||